| 000 | 01148nam a2200301 i 4500 | ||
|---|---|---|---|
| 001 | bg | ||
| 003 | BPK | ||
| 005 | 20201008114344.0 | ||
| 008 | 980223s1997 pl a f f |001 0 pol | ||
| 015 | _aPB 1998/1482 | ||
| 020 | _a8320421535 | ||
| 040 |
_aWA N _cBPK |
||
| 080 | _a621.43 | ||
| 080 | _a(075.8) | ||
| 100 | 1 |
_aWajand, Jan Aleksander _d(1929-2019) _eAutor |
|
| 245 | 1 | 0 |
_aTłokowe silniki spalinowe średnio- i szybkoobrotowe / _cJan A. Wajand, Jan. T. Wajand. |
| 250 | _aWyd. 2 zm. | ||
| 260 |
_aWarszawa : _bWydawnictwa Naukowo-Techniczne, _ccop. 1997. |
||
| 300 |
_a665, [1] s., [3] k. tabl. złoż : _brys., wykr. ; _c24 cm. |
||
| 504 | _aBibliogr. s. 648-650. - Indeks. | ||
| 521 | _aDla studentów wydz. mechanicznych wyższych szkół tech., a także dla konstruktorów i użytkowników silników. | ||
| 655 | 4 | _aPodręczniki akademickie | |
| 650 | 4 | _aSilniki spalinowe | |
| 700 | 1 | _aWajand, Jan Tomasz. | |
| 710 | 2 |
_aWydawnictwa Naukowo-Techniczne _4pbl. |
|
| 856 |
_uhttp://koha.tu.koszalin.pl/cgi-bin/koha/opac-detail.pl?biblionumber=32356 _yKatalog online BPK |
||
| 942 |
_2UKD _cKS |
||
| 999 |
_c32356 _d32356 |
||